000 00716naa a2200217 i 4500
001 99099
003 ES-MaBCM
005 20241016130616.0
008 040726s2003 fra 000 0 fre d
021 _axx
035 _a(OCoLC)1365264204
040 _cES-MaBCM
041 0 _afre
043 _afra
245 0 0 _aLe Conseil Constitutionnel
520 _aNº monográfico: Las decisiones del Consejo Constitucional y el juego político. El Consejo Constitucional y el derecho supranacional. ¿Reformar el Consejo Constitucional? ...
650 2 7 _aConsejo Constitucional
_958051
651 4 _aFrancia
_9115364
773 0 _aEn:
_tPouvoirs
_dParis : 2003
_w104493
_gnº 105, p. 3-142. - Loc. S.74
942 _cAREV
999 _c99099
_d99099